Normal view
MARC view
- كيميني ، جون ج
Entry Personal Name
001 - CONTROL NUMBER
- control field: 13341
003 - CONTROL NUMBER IDENTIFIER
- control field: JO-AjAnu
005 - DATE AND TIME OF LATEST TRANSACTION
- control field: 20230606072432.0
008 - FIXED-LENGTH DATA ELEMENTS
- fixed length control field: 230606|| aca||aabn | a|a d
040 ## - CATALOGING SOURCE
- Original cataloging agency: JO-AjAnu
- Transcribing agency: JO-AjAnu
100 ## - HEADING--PERSONAL NAME
- Personal name: كيميني ، جون ج
670 ## - SOURCE DATA FOUND
- Source citation: Work cat.: (JO-AjAnu)6865: كيميني ، جون ج, author, الانسان والحاسب الالكتروني